| 000 | 00608cab a2200217 4500 | ||
|---|---|---|---|
| 001 | WB3032-50 | ||
| 008 | 090401t1994 xxu||||| |||| 00| 0 eng d | ||
| 035 | _a(Sirsi) u36900 | ||
| 041 | _aeng | ||
| 245 | _aDocklands sees the light | ||
| 260 | _c1994 | ||
| 350 | _a0 | ||
| 490 |
_aTimes _v24 August 1994, 17(1) |
||
| 520 | _aHouse prices are rising and office lets increasing in London Docklands after more than four years of recession according to the LDDC. | ||
| 650 | _aHOUSE PRICES | ||
| 650 | _aLDDC | ||
| 650 | _aLONDON DOCKLANDS | ||
| 690 | _aHOUSING | ||
| 942 | _n0 | ||
| 948 | _c04/03/1997 | ||
| 999 |
_c23882 _d23882 |
||